David Bowie Songs - Statistics

General Stats
  • This quiz has been taken 178 times
  • The average score is 77 of 388
Answer Stats
Original Album Song % Correct
Heroes Heroes
89%
The Rise and Fall of Ziggy Stardust and the Spiders from Mars Star
86%
Let's Dance Let's Dance
85%
Space Oddity Space Oddity
85%
The Rise and Fall of Ziggy Stardust and the Spiders from Mars Ziggy Stardust
85%
Hunky Dory Life on Mars?
83%
The Rise and Fall of Ziggy Stardust and the Spiders from Mars Starman
82%
The Man Who Sold the World The Man Who Sold the World
82%
Young Americans Young Americans
74%
Let's Dance China Girl
72%
Diamond Dogs Diamond Dogs
71%
The Rise and Fall of Ziggy Stardust and the Spiders from Mars Five Years
71%
Aladdin Sane Aladdin Sane (1913-1938-197?)
69%
Diamond Dogs Rebel Rebel
69%
Low Sound and Vision
69%
Station to Station Station to Station
69%
The Rise and Fall of Ziggy Stardust and the Spiders from Mars Suffragette City
69%
Blackstar Blackstar
68%
Hunky Dory Changes
68%
The Rise and Fall of Ziggy Stardust and the Spiders from Mars Rock 'n' Roll Suicide
68%
The Rise and Fall of Ziggy Stardust and the Spiders from Mars Moonage Daydream
66%
Young Americans Fame
63%
The Rise and Fall of Ziggy Stardust and the Spiders from Mars Lady Stardust
63%
Let's Dance Modern Love
63%
Scary Monsters (and Super Creeps) Ashes to Ashes
60%
Scary Monsters (and Super Creeps) Scary Monsters (and Super Creeps)
60%
Toy Toy (Your Turn to Drive)
60%
Station to Station Golden Years
55%
Aladdin Sane The Jean Genie
55%
The Next Day Heat
54%
Blackstar Lazarus
54%
Hunky Dory Queen Bitch
54%
Tonight Tonight
52%
Heathen Heathen (The Rays)
51%
Earthling I'm Afraid of Americans
51%
Hunky Dory Kooks
51%
Hunky Dory Oh! You Pretty Things
51%
Reality Reality
51%
The Rise and Fall of Ziggy Stardust and the Spiders from Mars Soul Love
51%
The Next Day The Next Day
51%
The Rise and Fall of Ziggy Stardust and the Spiders from Mars Hang On to Yourself
48%
Never Let Me Down Never Let Me Down
48%
Diamond Dogs 1984
46%
Hunky Dory Andy Warhol
46%
Let's Dance Cat People (Putting Out Fire)
45%
Scary Monsters (and Super Creeps) Fashion
45%
The Rise and Fall of Ziggy Stardust and the Spiders from Mars It Ain't Easy
45%
Outside Outside
45%
Non-Album Single Under Pressure
45%
Hunky Dory Song for Bob Dylan
43%
Aladdin Sane Watch That Man
43%
Heroes Beauty and the Beast
42%
Station to Station TVC 15
42%
Station to Station Wild Is the Wind
42%
Black Tie White Noise Black Tie White Noise
40%
Hunky Dory Eight Line Poem
40%
Non-Album Single Absolute Beginners
38%
Tonight Blue Jean
38%
Low Breaking Glass
38%
Aladdin Sane Drive-In Saturday
38%
Heroes Joe the Lion
38%
Aladdin Sane Lady Grinning Soul
38%
Hunky Dory Quicksand
38%
Aladdin Sane The Prettiest Star
38%
Young Americans Across the Universe
37%
Low Always Crashing in the Same Car
37%
Blackstar I Can't Give Everything Away
37%
Hunky Dory The Bewlay Brothers
37%
Low Be My Wife
35%
Aladdin Sane Cracked Actor
35%
Station to Station Stay
35%
Aladdin Sane Time
35%
Blackstar Tis a Pity She Was a Whore
35%
Aladdin Sane Let's Spend the Night Together
34%
The Man Who Sold the World The Width of a Circle
34%
Low Warszawa
34%
Young Americans Win
34%
Lodger Boys Keep Swinging
32%
Diamond Dogs Candidate
32%
Lodger D.J.
32%
Scary Monsters (and Super Creeps) It's No Game (No. 1)
32%
Scary Monsters (and Super Creeps) It's No Game (No. 2)
32%
Low Speed of Life
32%
Heroes The Secret Life of Arabia
32%
Heroes V-2 Schneider
32%
Station to Station Word on a Wing
32%
Heroes Moss Garden
31%
Aladdin Sane Panic in Detroit
31%
Diamond Dogs Rock 'n' Roll with Me
31%
Pin-Ups Sorrow
31%
Diamond Dogs Sweet Thing
31%
Diamond Dogs Sweet Thing (Reprise)
31%
RarestOneBowie All the Young Dudes
29%
Diamond Dogs Big Brother
29%
Heroes Blackout
29%
Space Oddity Letter to Hermione
29%
Scary Monsters (and Super Creeps) Teenage Wildlife
29%
Non-Album Single The Laughing Gnome
29%
Scary Monsters (and Super Creeps) Up the Hill Backwards
29%
The Next Day Valentine's Day
29%
The Man Who Sold the World All the Madmen
28%
Young Americans Fascination
28%
Non-Album Single John, I'm Only Dancing
28%
Labyrinth Soundtrack Magic Dance
28%
Heroes Neuköln
28%
Young Americans Right
28%
Low A New Career in a New Town
26%
Non-Album Single John, I'm Only Dancing (Again)
26%
Let's Dance Ricochet
26%
Low Subterraneans
26%
Blackstar Sue (Or in a Season of Crime)
26%
Lodger Yassassin
26%
The Man Who Sold the World Black Country Rock
25%
The Buddha of Suburbia Buddha of Suburbia
25%
Diamond Dogs Chant Of The Ever Circling Skeletal Family
25%
Blackstar Dollar Days
25%
Lodger Fantastic Voyage
25%
Diamond Dogs Future Legend
25%
Lodger Look Back in Anger
25%
David Bowie Love You till Tuesday
25%
Tonight Loving the Alien
25%
Young Americans Somebody Up There Likes Me
25%
Heroes Sons of the Silent Age
25%
The Man Who Sold the World The Supermen
25%
Hours Thursday's Child
25%
The Next Day Where Are We Now?
25%
Hunky Dory Fill Your Heart
23%
Blackstar Girl Loves Me
23%
Outside Hallo Spaceboy
23%
Lodger Red Sails
23%
David Bowie Rubber Band
23%
The Man Who Sold the World Saviour Machine
23%
Heroes Sense of Doubt
23%
Low What in the World
23%
The Man Who Sold the World After All
22%
Space Oddity Cygnet Committee
22%
Never Let Me Down Day-In Day-Out
22%
Scary Monsters (and Super Creeps) Scream Like a Baby
22%
The Man Who Sold the World She Shook Me Cold
22%
Diamond Dogs We Are The Dead
22%
Never Let Me Down Glass Spider
20%
Black Tie White Noise Jump They Say
20%
Scary Monsters (and Super Creeps) Kingdom Come
20%
Lodger Red Money
20%
Pin-Ups Rosalyn
20%
Space Oddity Unwashed and Somewhat Slightly Dazed
20%
Low Art Decade
18%
Scary Monsters (and Super Creeps) Because You're Young
18%
Tonight God Only Knows
18%
Earthling Little Wonder
18%
Space Oddity Memory of a Free Festival
18%
No Plan EP No Plan
18%
David Bowie Please Mr. Gravedigger
18%
Lodger Repetition
18%
The Man Who Sold the World Running Gun Blues
18%
Pin-Ups See Emily Play
18%
David Bowie Sell Me a Coat
18%
David Bowie Uncle Arthur
18%
Low Weeping Wall
18%
Labyrinth Soundtrack As the World Falls Down
17%
Let's Dance Criminal World
17%
Outside I'm Deranged
17%
Space Oddity Janine
17%
Labyrinth Soundtrack Labyrinth Opening Titles/Underground
17%
Reality New Killer Star
17%
Hours Seven
17%
Labyrinth Soundtrack Underground
17%
Never Let Me Down Zeroes
17%
Lodger African Night Flight
15%
Young Americans Can You Hear Me?
15%
Non-Album Single Dancing in the Street
15%
Pin-Ups Friday on My Mind
15%
Earthling Law (Earthlings on Fire)
15%
Lodger Move On
15%
Earthling Seven Years in Tibet
15%
Let's Dance Shake It
15%
The Next Day The Stars (Are Out Tonight)
15%
Black Tie White Noise The Wedding
15%
Never Let Me Down Time Will Crawl
15%
Space Oddity Wild Eyed Boy from Freecloud
15%
Let's Dance Without You
15%
Heathen Afraid
14%
Pin-Ups Anyway, Anyhow, Anywhere
14%
Earthling Dead Man Walking
14%
Outside Leon Takes Us Outside
14%
Reality Never Get Old
14%
David Bowie She's Got Medals
14%
Heathen Sunday
14%
The Falcon and the Snowman Soundtrack This Is Not America
14%
Reality Bring Me the Disco King
12%
Tonight Dancing with the Big Boys
12%
Reality Days
12%
Outside I Have Not Been to Oxford Town
12%
David Bowie Maid of Bond Street
12%
Outside Segue - Nathan Adler (1)
12%
Outside Segue - Nathan Adler (2)
12%
Outside | The Buddha of Suburbia Strangers When We Meet
12%
Outside The Hearts Filthy Lesson
12%
When the Wind Blows Soundtrack When the Wind Blows
12%
Pin-Ups Where Have All the Good Times Gone
12%
Labyrinth Soundtrack Within You
12%
Heathen 5:15 The Angels Have Gone
11%
Space Oddity An Occasional Dream
11%
Never Let Me Down Bang Bang
11%
Earthling Battle for Britain (The Letter)
11%
Never Let Me Down Beat of Your Drum
11%
Heathen Cactus
11%
Space Oddity God Knows I'm Good
11%
Pin-Ups I Can't Explain
11%
David Bowie Join the Gang
11%
David Bowie Little Bombardier
11%
David Bowie | Toy Silly Boy Blue
11%
Heathen Slip Away
11%
Heathen Slow Burn
11%
Earthling Telling Lies
11%
Hours The Pretty Things Are Going to Hell
11%
Never Let Me Down 87 and Cry
9%
Non-Album Single Alabama Song
9%
David Bowie Come and Buy My Toys
9%
The Next Day Dirty Boys
9%
Pin-Ups Don't Bring Me Down
9%
Space Oddity Don't Sit Down
9%
Heathen Everyone Says 'Hi'
9%
Non-Album B-Side Girls
9%
The Next Day How Does the Grass Grow?
9%
Heathen I Took a Trip on a Gemini Spaceship
9%
Pin-Ups I Wish You Would
9%
Heathen I Would Be Your Slave
9%
Earthling Looking for Satellites
9%
The Next Day Love Is Lost
9%
Black Tie White Noise Nite Flights
9%
Reality Pablo Picasso
9%
Outside Segue - Baby Grace (A Horrid Cassette)
9%
The Buddha of Suburbia Sex and the Church
9%
Pin-Ups Shapes of Things
9%
Hours Survive
9%
Reality Try Some, Buy Some
9%
Tonight Tumble and Twirl
9%
David Bowie We Are Hungry Men
9%
Black Tie White Noise You've Been Around
9%
Pin-Ups Here Comes the Night
8%
Non-Album Single Héros
8%
Hours If I'm Dreaming My Life
8%
Heathen I've Been Waiting for You
8%
Black Tie White Noise Miracle Goodnight
8%
Outside No Control
8%
Black Tie White Noise Pallas Athena
8%
Outside Segue - Algeria Touchshriek
8%
Outside Segue - Ramona A. Stone/I Am with Name
8%
Never Let Me Down Shining Star (Makin' My Love)
8%
Hours The Dreamers
8%
Earthling The Last Thing You Should Do
8%
Reality The Loneliest Guy
8%
Outside The Motel
8%
Black Tie White Noise The Wedding Song
8%
Non-Album B-Side Velvet Goldmine
8%
Outside We Prick You
8%
David Bowie When I Live My Dream
8%
The Next Day You Feel So Lonely You Could Die
8%
Heathen A Better Future
6%
The Next Day Boss of Me
6%
Hours Brilliant Adventure
6%
Labyrinth Soundtrack Chilly Down
6%
Toy Conversation Piece
6%
The Next Day Dancing Out in Space
6%
Black Tie White Noise Don't Let Me Down & Down
6%
Tonight Don't Look Down
6%
Pin-Ups Everything's Alright
6%
Reality Fall Dog Bombs the Moon
6%
Toy I Dig Everything
6%
The Next Day I'd Rather Be High
6%
Black Tie White Noise I Feel Free
6%
Black Tie White Noise I Know It's Gonna Happen Someday
6%
Toy Karma Man
6%
Black Tie White Noise Looking for Lester
6%
Reality Looking for Water
6%
Never Let Me Down New York's in Love
6%
Non-Album Single Peace on Earth/Little Drummer Boy
6%
Reality She'll Drive the Big Car
6%
Hours Something in the Air
6%
David Bowie in Bertolt Brecht's Baal The Drowned Girl
6%
The Buddha of Suburbia The Mysteries
6%
David Bowie There Is a Happy Land
6%
Outside The Voyeur of Utter Destruction (as Beauty)
6%
Outside Thru' These Architects Eyes
6%
Outside Wishful Beginnings
6%
Toy You've Got a Habit of Leaving
6%
The Next Day (You Will) Set the World on Fire
6%
Non-Album B-Side Amsterdam
5%
Outside A Small Plot of Land
5%
Hunky Dory Reissue Bonus Track Bombers
5%
The Next Day Born in a UFO
5%
Non-Album Single Crystal Japan
5%
The Buddha of Suburbia Dead Against It
5%
Reality Bonus Track Fly
5%
The Buddha of Suburbia Ian Fish, U.K. Heir
5%
The Next Day If You Can See Me
5%
Black Tie White Noise Lucy Can't Dance
5%
Tonight Neighborhood Threat
5%
Hours New Angels of Promise
5%
Is It Any Wonder? EP Nuts
5%
Toy The London Boys
5%
Never Let Me Down Too Dizzy
5%
The Buddha of Suburbia Untitled No. 1
5%
Reality Waterloo Sunset
5%
Young Americans Reissue Bonus Track Who Can I Be Now?
5%
Non-Album B-Side 1917
3%
Conversation Piece Box Set Animal Farm
3%
The Next Day Atomica
3%
David Bowie in Bertolt Brecht's Baal Baal's Hymn
3%
The Buddha of Suburbia Bleed Like a Craze, Dad
3%
Toy Can't Help Thinking About Me
3%
Earthling Outtake Fun
3%
Non-Album Single Holy Holy
3%
Tonight I Keep Fogettin'
3%
Conversation Piece Box Set Jerusalem
3%
Non-Album B-Side Julie
3%
Toy Liza Jane
3%
David Bowie in Bertolt Brecht's Baal Remembering Marie A.
3%
Non-Album B-Side Round and Round
3%
Toy Shadow Man
3%
The Next Day So She
3%
The Buddha of Suburbia South Horizon
3%
David Bowie in Bertolt Brecht's Baal The Dirty Song
3%
The Next Day The Informer
3%
Hours What's Really Happening?
3%
Toy Baby Loves That Way
2%
David Bowie in Bertolt Brecht's Baal Ballad of the Adventurers
2%
The Next Day God Bless the Girl
2%
Non-Album Single Helden
2%
Toy Hole in the Ground
2%
The Next Day I'll Take You There
2%
Toy In the Heat of the Morning
2%
Non-Album Single I Pity the Fool
2%
Sound + Vision Box Set It's Hard to Be a Saint in the City
2%
Toy Let Me Sleep Beside You
2%
The Next Day Like a Rocket Man
2%
The Next Day Plan
2%
Reality Bonus Track Queen of All the Tarts (Overture)
2%
Reality Bonus Track Rebel Never Gets Old
2%
Heathen Bonus Track Safe
2%
Absolute Beginners Soundtrack That's Motivation
2%
Non-Album B-Side Abdulmajid
0%
Sound + Vision Box Set After Today
0%
Low Reissue Bonus Track All Saints
0%
Non-Album B-Side And I Say to Myself
0%
Spying Through a Keyhole Box Set Angel, Angel, Grubby Face
0%
Conversation Piece Box Set April's Tooth of Gold
0%
Early On (1964-1966) Box Set Bars of the County Jail
0%
Love You Till Tuesday Compilation Album Ching-A-Ling
0%
Non-Album B-Side Did You Ever Have a Dream
0%
Non-Album Single Do Anything You Say
0%
Outside Bonus Track Get Real
0%
Early On (1964-1966) Box Set Glad I've Got Nobody
0%
Spying Through a Keyhole Box Set Goodbye 3d (Threepenny) Joe
0%
Non-Album B-Side Good Morning Girl
0%
Early On (1964-1966) Box Set I'll Follow You
0%
Non-Album B-Side I'm Not Losing Sleep
0%
The 'Mercury' Demos Box Set I'm Not Quite
0%
Young Americans Reissue Bonus Track It's Gonna Be Me
0%
Early On (1964-1966) Box Set I Want My Baby Back
0%
No Plan EP Killing a Little Time
0%
Clareville Grove Demos Box Set Life Is a Circus
0%
Sound + Vision Box Set London Bye Ta-Ta
0%
Non-Album B-Side Louie, Louie Go Home
0%
Spying Through a Keyhole Box Set Love All Around
0%
Non-Album B-Side Love Missile F1-11
0%
Clareville Grove Demos Box Set Lover to the Dawn
0%
The 'Mercury' Demos Box Set Love Song
0%
Spying Through a Keyhole Box Set Mother Grey
0%
Non-Album B-Side No One Calls
0%
Non-Album B-Side Nothing to Be Desired
0%
Non-Album Single Ragazzo Solo, Ragazza Sola
0%
Stealth Soundtrack (She Can) Do That
0%
Low Reissue Bonus Track Some Are
0%
Non-Album B-Side Take My Tip
0%
Early On (1964-1966) Box Set That's Where My Heart Is
0%
Non-Album B-Side The Gospel According to Tony Day
0%
Conversation Piece Box Set The Reverend Raymond Brown (Attends the Garden Fête on Thatchwick Green)
0%
Absolute Beginners Soundtrack Volare
0%
Non-Album B-Side We All Go Through
0%
Non-Album B-Side We Shall Go to Town
0%
No Plan EP When I Met You
0%
Love You Till Tuesday Compilation Album When I'm Five
0%
Heathen Bonus Track When the Boys Come Marching Home
0%
Non-Album B-Side Wood Jackson
0%
No matching quizzes found
Score Distribution
Percent of People with Each Score
Percentile by Number Answered
Your Score History
You have not taken this quiz